000
00281nam a2200109Ia 4500
008
190216s9999||||xx |||||||||||||| ||und||
100
_a
Gilbert M Smith
245
0
_a
Apushpi Sasya Shashthram Algagalum Fangasugalum
260
_b
Bhasha Institute
650
_a
Botany
942
_c
BK
999
_c
40345
_d
40345